000 01253nam a2200277 4500
001 0000022205
003 CO-CtgCURN
005 20250331184416.0
008 160627s2005 000 0 eng d
020 _a958350517X
040 _aCO-CtgCURN
_bspa
_ccoctgcurn
082 0 _a340.11
_bN322l
100 1 _aNavarro, Pablo E.
245 1 4 _aLos limites del derecho :
_bestudios sobre los compromisos conceptuales del positivismo juridico /
_cPablo E. Navarro.
260 _aBogotá :
_bTemis,
_c2005.
300 _aix, 196 p.
336 _2rdacontent
337 _2rdamedia
_asin mediacion
_bn
338 _2rdacarrier
_avolumen
_bnc
504 _aBibliografia (p. 185-194)
505 8 _aAcerca de la autodestrucción del positivismo.--La aplicabilidad de las normas juridicas.--Casos dificiles, laguna en el derecho y discrecion judicial.-Interpretacion y aplicacion de normas juridicas.--Derrotabilidad y sistematizacion de normas juridicas.--Enunciados jurídicos y proposiciones normativas.--Acerca de las normas derivadas.--Normas derivadas y autoridad del derecho
650 0 _aDerecho
_vFuentes.
908 _a160627
942 _cBK
_h340.11
_iN322l
_2ddc
999 _c18775
_d18775
_x1